000 00695nam a2200229 a 4500
008
020 _a0471503088 (pbk.)
049 _aMAIN
090 _aQA76.73.L23
100 1 _aKoschmann, Timothy D.
245 1 4 _aThe Common Lisp companion /
_cTimothy D. Koschmann.
260 _aNew York :
_bWiley,
_cc1990.
300 _axvi, 459 p. :
_bill. ;
_c24 cm.
504 _aIncludes bibliographical references : p. 447-451.
500 _aIncludes index.
650 0 _aCOMMON LISP (Computer program language).
907 _a.b10040018
_b18-09-03
_c17-04-03
003
005 20230123133206.0
040 _cNUST
942 _cBOOKS
_kQA76.73.L23
999 _c144338
_d144338